000 01198nam0a2200337 4500
001 RU\NLR\BIBL_A\022726738
005 20260503064403.0
010 _a978-5-17-171063-7
_98000
021 _aRU
_bКН-П-25-077911
_9КН-П-25-7554
035 _a(NLR Aleph) 022726738
090 _a13699869
_c13699869
100 _a20260212d2025 u y0rusy50 ca
101 1 _arus
_ceng
102 _aRU
105 _ao z 000ay
181 0 _ai
_baxxe
182 0 _an
200 1 _aЧерный клинок
_fАйла Дэйвон
_gперевод с английского Виталия Тулаева
203 _aТекст
_bвизуальный
_cнепосредственный
210 _aМосква
_cАст
_d2025
215 _a412, [3] с.
_d22
225 1 _aТемное романтическое фэнтези
_eбестселлеры Айлы Дэйвон
225 1 _aМировой бестселлер
333 _a18+
686 1 _aШ6(4И)167-445{Лх1328-62}
700 1 _7ca
_8rus
_aДэйвон
_bА.
_gАйла
_92706481
_3RU\NLR\AUTH\770292742
942 _cBOOK
980 _aNB